000 00399nam a2200133Ia 4500
008 220217s9999||||xx |||||||||||||| ||und||
020 _a81-224-0359-X
082 _a621.381 52 STE
100 _aSteldle, Hans Gonther
_93979
245 0 _aMagnetoresistor:construction, mode of operation and applicat
260 _aWiley eastern limited
_bNew Delhi
_c1991
300 _b40
650 _aCIRCUITRY
999 _c173298
_d173298